Подробности
| 000 -МАРКЕР |
| контрольное поле |
01223nam0a2200301 4500 |
| 001 - ИДЕНТИФИКАТОР ЗАПИСИ |
| контрольное поле |
RU\NLR\BIBL_A\012533849 |
| 005 - ИДЕНТИФИКАТОР ВЕРСИИ |
| контрольное поле |
20250624061518.0 |
| 010 ## - МЕЖДУНАРОДНЫЙ СТАНДАРТНЫЙ НОМЕР КНИГИ (ISBN) |
| Номер (ISBN) |
978-5-905160-18-9 |
| Тираж |
200 |
| 021 ## - НОМЕР ГОСУДАРСТВЕННОЙ РЕГИСТРАЦИИ |
| Код страны |
российская федерация |
| Номер |
2021-1558 |
| Номер Листа государственной регистраци |
КН-П-113 |
| 035 ## - ДРУГИЕ СИСТЕМНЫЕ НОМЕРА |
| Идентификатор записи |
(RuMoRGB)010552849 |
| 035 ## - ДРУГИЕ СИСТЕМНЫЕ НОМЕРА |
| Идентификатор записи |
(NLR Aleph) 012533849 |
| 100 ## - ДАННЫЕ ОБЩЕЙ ОБРАБОТКИ |
| Данные общей обработки |
20210602d2020 |||y0rusy50 ca |
| 101 1# - ЯЗЫК РЕСУРСА |
| Язык текста, звукозаписи и т.д. |
английский |
| Язык оригинала |
татарский |
| 102 ## - СТРАНА ПУБЛИКАЦИИ ИЛИ ПРОИЗВОДСТВА |
| Страна публикации |
российская федерация |
| 105 ## - ПОЛЕ КОДИРОВАННЫХ ДАННЫХ: ТЕКСТОВЫЕ МАТЕРИАЛЫ, МОНОГРАФИЧЕСКИЕ |
| Кодированные данные о монографическом текстовом документе |
ac z 000zy |
| 200 1# - ЗАГЛАВИЕ И СВЕДЕНИЯ ОБ ОТВЕТСТВЕННОСТИ |
| Основное заглавие |
Alfiya Avzalova |
| Сведения, относящиеся к заглавию |
memories |
| Первые сведения об ответственности |
[author and compiler Z. Nigmedzyanova-Avzalova |
| Последующие сведения об ответственности |
translated from the Tatar by Gulnaz Sultanova and Azat Sultanov] |
| 210 ## - ПУБЛИКАЦИЯ, РАСПРОСТРАНЕНИЕ И ДР. |
| Место издания, распространения и т.д. |
Kazan |
| Имя издателя, распространителя и т. д. |
Khalkybyz Mirasy |
| Дата издания, распространения и т.д. |
2020 |
| 215 ## - ФИЗИЧЕСКАЯ ХАРАКТЕРИСТИКА |
| Специфическое обозначение материала и объем |
207 с. |
| Другие сведения о физической характеристике |
ил., цв. ил., портр. |
| Размеры |
25 |
| 600 #1 - ИМЯ ЛИЦА КАК ПРЕДМЕТ |
| Начальный элемент ввода |
Авзалова |
| Часть имени, кроме начального элемента ввода |
A. A. |
| Даты |
1933 - 2017 |
| Расширение инициалов личного имени |
Альфия Авзаловна |
| Системный номер авторитетной/нормативной записи |
2480809 |
| Идентификатор авторитетной/нормативной записи |
RU\NLR\AUTH\6601689274 |
| 686 1# - ИНДЕКСЫ ДРУГИХ КЛАССИФИКАЦИЙ |
| Индекс |
Щ364.13(2Р=Тат)7-86Авзалова А.А. |
| 702 #1 - ИМЯ ЛИЦА - ВТОРИЧНАЯ ОТВЕТСТВЕННОСТЬ |
| Код отношения |
Прочие |
| Графика поля |
Латинская |
| Материалы, к которым относится поле |
rus |
| Начальный элемент ввода |
Avzalova |
| Часть имени, кроме начального элемента ввода |
A. A. |
| Даты |
1933-2017 |
| Расширение инициалов личного имени |
Al'fija Avzalovna |
| Системный номер авторитетной/нормативной записи |
231361 |
| Идентификатор авторитетной/нормативной записи |
RU\NLR\AUTH\770231417 |
| 702 #1 - ИМЯ ЛИЦА - ВТОРИЧНАЯ ОТВЕТСТВЕННОСТЬ |
| Код отношения |
Составитель |
| Графика поля |
Латинская |
| Материалы, к которым относится поле |
rus |
| Начальный элемент ввода |
Nigmedzjanova-Avzalova |
| Часть имени, кроме начального элемента ввода |
Z. G. |
| Даты |
1962- |
| Расширение инициалов личного имени |
Zul'fija Gumerovna |
| Системный номер авторитетной/нормативной записи |
231373 |
| Идентификатор авторитетной/нормативной записи |
RU\NLR\AUTH\770231429 |
| 942 ## - ДОПОЛНИТЕЛЬНЫЕ ЭЛЕМЕНТЫ ЗАПИСИ (АБИС) |
| Тип экземпляра АБИС |
Книга |
| 980 ## - КОЛЛЕКЦИЯ |
| Название коллекции |
Национальная библиография |